El delito tributario
Збережено в:
| Автори: | , |
|---|---|
| Формат: | Книга |
| Мова: | Іспанська |
| Опубліковано: |
Santiago
Chile
1970
|
| Предмети: | |
| Теги: |
Додати тег
Немає тегів, Будьте першим, хто поставить тег для цього запису!
|
MARC
| LEADER | 00000nam a2200000 a 4500 | ||
|---|---|---|---|
| 001 | UCS0072 | ||
| 003 | CL-VaPUC | ||
| 008 | 970418e19700000CL |||||||||||||||||spa|d | ||
| 082 | 0 | 4 | |a 345.02 |b KOG |2 21 |
| 100 | 0 | |a Kogan Rosenblüt, Olga |e author |9 383139 | |
| 700 | 0 | |a Figueroa Araya, Jaime |e author |9 383140 | |
| 245 | 1 | 3 | |a El delito tributario |
| 300 | |a 217 p | ||
| 942 | |c BK | ||
| 945 | |d 19970418 00:00:00 |a cmena | ||
| 260 | |a Santiago |b Chile |c 1970 | ||
| 650 | 7 | |a DELITO TRIBUTARIO |2 CL-VaPUC |9 377304 | |
| 650 | 0 | |a Código penal |9 255935 | |
| 650 | 0 | |a Delitos |9 224143 | |
| 650 | 0 | |a Moneda |9 342365 | |
| 650 | 7 | |a CRIMINALES |2 CL-VaPUC |9 322996 | |
| 651 | 7 | |a CHILE |2 CL-VaPUC |9 383141 | |
| 583 | |a last modification |c 19970418 00:00:00 |k Rodrigo Vera | ||
| 999 | |c 258326 |d 258324 | ||
| 952 | |0 0 |1 0 |4 0 |6 345_020000000000000_KOG_1970 |7 0 |8 A |9 282351 |a BIBDER |b BIBDER |d 2019-11-19 |i 1827413 |o 345.02 KOG 1970 |p 1827413 |r 2023-01-25 |w 2019-11-19 |y BK |k DER | ||